[Event "NOR-chT Clubs"]
[Site "Fagernes"]
[Date "2011.10.14"]
[Round "2"]
[White "Beck, Anders Knudsen"]
[Black "Khachatorian, Yarazik"]
[Result "0-1"]
[WhiteElo "1465"]
[BlackElo "1921"]
[PlyCount "40"]
[EventDate "2011.10.14"]
[EventType "team-tourn"]
[EventRounds "6"]
[EventCountry "NOR"]
[SourceTitle "CBM 144 Extra"]
[Source "ChessBase"]
[SourceDate "2011.10.28"]
[SourceVersion "1"]
[SourceVersionDate "2011.10.28"]
[SourceQuality "1"]

1. e4 e5 2. Nf3 Nf6 3. Nc3 Bb4 4. d3 d5 5. exd5 Qxd5 6. Bd2 Bxc3 7. Bxc3 Nc6 8. Be2 0-0 9. 0-0 Re8 10. Nd2 Nd4 11. Bxd4 exd4 12. Bf3 Qg5 13. Ne4 Nxe4 14. Bxe4 c6 15. g3 Bg4 16. Qc1 Qh5 17. f4 f5 18. Bg2 Re2 19. h3 Rxg2+ 20. Kxg2 Qxh3+ 0-1

[Event "EU-Cup (Women) 16th"]
[Site "Rogaska Slatina"]
[Date "2011.09.28"]
[Round "4.4"]
[White "Chelushkina, Irina"]
[Black "Khachatorian, Yarazik"]
[Result "0-1"]
[WhiteElo "2287"]
[BlackElo "1967"]
[PlyCount "72"]
[EventDate "2011.09.25"]
[EventType "team-swiss"]
[EventRounds "7"]
[EventCountry "SLO"]
[SourceTitle "CBM 144 Extra"]
[Source "ChessBase"]
[SourceDate "2011.10.28"]
[SourceVersion "1"]
[SourceVersionDate "2011.10.28"]
[SourceQuality "1"]
[WhiteTeam "BAS (W)"]
[BlackTeam "Oslo Schakselskap (W)"]
[WhiteTeamCountry "YEM"]
[BlackTeamCountry "NOR"]

1. g3 g6 2. Bg2 Bg7 3. c4 e5 4. Nc3 f5 5. d3 Nf6 6. e4 fxe4 7. dxe4 d6 8. Nge2 Nc6 9. h3 Be6 10. Nd5 0-0 11. Be3 Qd7 12. Qd2 Rae8 13. 0-0-0 b6 14. Kb1 Na5 15. b3 Nb7 16. g4 c6 17. Ndc3 Qf7 18. Ng3 Rd8 19. Qe2 Na5 20. g5 Ne8 21. h4 Nc7 22. h5 b5 23. cxb5 d5 24. h6 Bh8 25. Bc5 d4 26. Bxf8 Rxf8 27. Qd2 Bxb3 28. axb3 Qxb3+ 29. Qb2 Qxb2+ 30. Kxb2 dxc3+ 31. Kxc3 Nxb5+ 32. Kb4 Nb7 33. Bh3 a5+ 34. Kc4 Rf3 35. Rd3 N7d6+ 36. Rxd6 Rc3# 0-1

[Event "Gibraltar Masters 9th"]
[Site "Caleta"]
[Date "2011.01.29"]
[Round "5"]
[White "Khachatorian, Yarazik"]
[Black "Bishop, Peter"]
[Result "1-0"]
[WhiteElo "1996"]
[BlackElo "1784"]
[PlyCount "57"]
[EventDate "2011.01.25"]
[EventType "swiss"]
[EventRounds "10"]
[EventCountry "GGB"]
[SourceTitle "CBM 141"]
[Source "ChessBase"]
[SourceDate "2011.03.17"]
[SourceVersion "1"]
[SourceVersionDate "2011.03.17"]
[SourceQuality "1"]

1. e4 e5 2. Bc4 Nf6 3. d3 Be7 4. f4 d6 5. Nf3 Nc6 6. c3 Bd7 7. Bb3 Ng4 8. 0-0 exf4 9. Bxf4 0-0 10. Nbd2 Nge5 11. Qe2 Ng6 12. Bg3 a5 13. a4 Bf6 14. d4 Ra6 15. Rae1 Rb6 16. Qd1 Qc8 17. Nc4 Ra6 18. Qc2 Nd8 19. h4 h5 20. Ne3 Bg4 21. Nd5 Re8 22. Bc4 Rb6 23. Nxb6 cxb6 24. Qb3 Bxf3 25. Rxf3 Qg4 26. Qxb6 Nxh4 27. Bxh4 Qxh4 28. Ref1 Rxe4 29. Rxf6 1-0

[Event "Gibraltar Masters 9th"]
[Site "Caleta"]
[Date "2011.01.26"]
[Round "2"]
[White "Lee, Kai Jie Edward"]
[Black "Khachatorian, Yarazik"]
[Result "0-1"]
[WhiteElo "1833"]
[BlackElo "1996"]
[PlyCount "110"]
[EventDate "2011.01.25"]
[EventType "swiss"]
[EventRounds "10"]
[EventCountry "GGB"]
[SourceTitle "CBM 141"]
[Source "ChessBase"]
[SourceDate "2011.03.17"]
[SourceVersion "1"]
[SourceVersionDate "2011.03.17"]
[SourceQuality "1"]

1. e4 e5 2. Nf3 Nf6 3. Nxe5 d6 4. Nf3 Nxe4 5. Nc3 Nxc3 6. dxc3 Be7 7. Bf4 Nc6 8. Qd2 Be6 9. 0-0-0 Qd7 10. Kb1 0-0 11. h3 Na5 12. Nd4 Bc4 13. Bd3 Bxd3 14. Qxd3 a6 15. g4 Bf6 16. Nf5 Qa4 17. Bc1 Rfe8 18. g5 Be7 19. Rhg1 Qc4 20. Qf3 Nc6 21. Rg4 Qe6 22. Re4 Ne5 23. Qf4 f6 24. Nxe7+ Rxe7 25. gxf6 Qxf6 26. Qg3 Qg6 27. Qh4 Rae8 28. Rde1 Re6 29. f4 Nc6 30. Rxe6 Rxe6 31. Rd1 Re2 32. Rd3 b5 33. a4 Qf5 34. axb5 axb5 35. Qg3 b4 36. Qf3 Qe4 37. Qg4 b3 38. Qc8+ Kf7 39. Qxc7+ Ne7 40. Qxd6 bxc2+ 41. Ka2 Re1 42. Rd4 Qa8+ 43. Qa3 Qxa3+ 44. Kxa3 Rxc1 45. Kb3 Rd1 46. Kxc2 Rxd4 47. cxd4 Nd5 48. Kd3 Nxf4+ 49. Ke4 Nxh3 50. b4 Ke6 51. b5 Ng5+ 52. Kd3 Kd5 53. Kc3 Ne6 54. Kb4 Nxd4 55. Ka5 Nxb5 0-1

[Event "Oslo Johannessen Memorial"]
[Site "Oslo"]
[Date "2008.06.30"]
[Round "6"]
[White "Hebden, Mark"]
[Black "Khachatorian, Yarazik"]
[Result "1-0"]
[WhiteElo "2506"]
[BlackElo "2031"]
[PlyCount "51"]
[EventDate "2008.06.27"]
[EventType "swiss"]
[EventRounds "9"]
[EventCountry "NOR"]
[SourceTitle "CBM 125 Extra"]
[Source "ChessBase"]
[SourceDate "2008.09.01"]
[SourceVersion "1"]
[SourceVersionDate "2008.09.01"]
[SourceQuality "1"]

1. d4 Nf6 2. Nf3 g6 3. Nc3 d5 4. Bf4 Bg7 5. Qd2 h6 6. h4 c6 7. e3 Nbd7 8. Bd3 Ng4 9. e4 dxe4 10. Nxe4 Nf8 11. c3 Bf5 12. h5 Bxe4 13. Bxe4 Nf6 14. Qe2 Nxh5 15. Rxh5 gxh5 16. Ne5 e6 17. Qxh5 Qf6 18. g3 Ng6 19. Nxg6 fxg6 20. Bxg6+ Kd7 21. 0-0-0 Rad8 22. Re1 Rhf8 23. Qc5 e5 24. Rxe5 Rde8 25. Bf5+ Kd8 26. Rd5+ 1-0

[Event "Oslo Johannessen Memorial"]
[Site "Oslo"]
[Date "2008.06.30"]
[Round "7"]
[White "Khachatorian, Yarazik"]
[Black "Andersen, Mads"]
[Result "0-1"]
[WhiteElo "2031"]
[BlackElo "2020"]
[PlyCount "116"]
[EventDate "2008.06.27"]
[EventType "swiss"]
[EventRounds "9"]
[EventCountry "NOR"]
[SourceTitle "CBM 125 Extra"]
[Source "ChessBase"]
[SourceDate "2008.09.01"]
[SourceVersion "1"]
[SourceVersionDate "2008.09.01"]
[SourceQuality "1"]

1. e4 c5 2. Nf3 d6 3. d4 cxd4 4. Nxd4 Nf6 5. Nc3 a6 6. Be2 e6 7. Be3 Be7 8. 0-0 0-0 9. f4 Nc6 10. a3 Bd7 11. Nb3 Qc7 12. Bd3 b5 13. Qf3 b4 14. axb4 Nxb4 15. Rad1 Nxd3 16. cxd3 Rab8 17. Nd2 Rxb2 18. Rc1 Qd8 19. g4 Bb5 20. Nxb5 Rxb5 21. Qg3 Nd7 22. Nf3 Nc5 23. Rcd1 Rb3 24. f5 Rxd3 25. Rxd3 Nxd3 26. g5 Re8 27. Nd4 exf5 28. exf5 Ne5 29. f6 Bf8 30. Qh4 Ng6 31. Qf2 Ne5 32. Qh4 Qc8 33. fxg7 Bxg7 34. Nf5 Qc4 35. Bd4 Qe2 36. Bxe5 Qxe5 37. Qg4 Re6 38. Rc1 Re8 39. Rf1 Qc5+ 40. Kh1 Qd5+ 41. Kg1 Qe4 42. Rf4 Qe2 43. Rf3 Qd1+ 44. Kg2 Qc2+ 45. Kh3 Qe4 46. Qh5 Qe6 47. Qg4 Rb8 48. Kh4 a5 49. Kh3 Rb4 50. Qg2 a4 51. Qc2 Rb3 52. Kg2 Rb2 53. Nh6+ Kf8 54. Qxb2 Bxb2 55. h4 a3 56. h5 a2 57. Nf5 a1Q 58. g6 Qe2+ 0-1

[Event "Oslo Johannessen Memorial"]
[Site "Oslo"]
[Date "2008.06.29"]
[Round "5"]
[White "Khachatorian, Yarazik"]
[Black "Pedersen, Sven"]
[Result "1/2-1/2"]
[WhiteElo "2031"]
[BlackElo "2156"]
[PlyCount "101"]
[EventDate "2008.06.27"]
[EventType "swiss"]
[EventRounds "9"]
[EventCountry "NOR"]
[SourceTitle "CBM 125 Extra"]
[Source "ChessBase"]
[SourceDate "2008.09.01"]
[SourceVersion "1"]
[SourceVersionDate "2008.09.01"]
[SourceQuality "1"]

1. e4 c5 2. Nf3 Nc6 3. d4 cxd4 4. Nxd4 g6 5. Be2 Bg7 6. Nb3 Nf6 7. Nc3 0-0 8. Bg5 a5 9. a4 Nb4 10. e5 Ne8 11. Nd5 Nxd5 12. Qxd5 d6 13. Rd1 Nc7 14. Qd2 Bxe5 15. Bh6 Re8 16. h4 Be6 17. Nd4 Qd7 18. h5 Bf5 19. hxg6 fxg6 20. Nf3 Bf6 21. Ng5 d5 22. f3 e5 23. g4 Be6 24. c4 e4 25. fxe4 Bxg4 26. cxd5 Bxg5 27. Qxg5 Rxe4 28. Rd2 Rae8 29. Rh2 Qd6 30. Rg2 Qb4 31. Qf6 Rxe2+ 32. Rgxe2 Rxe2+ 33. Kf1 Qe7 34. Qxe7 Rxe7 35. d6 Rd7 36. Rc2 Ne8 37. Rc8 Kf7 38. Ra8 Rxd6 39. Rxa5 Rb6 40. Bc1 Rb3 41. Rd5 Nf6 42. Rd4 h5 43. Rf4 h4 44. Kg1 h3 45. Bd2 Rxb2 46. Rxf6+ Kxf6 47. Bc3+ Ke6 48. Bxb2 Kd5 49. a5 Ke4 50. Kh2 Kf3 51. Be5 1/2-1/2

[Event "NOR-ch qual-A"]
[Site "Oslo"]
[Date "2007.04.03"]
[Round "5"]
[White "Haugstad, Espen"]
[Black "Khachatorian, Yarazik"]
[Result "0-1"]
[WhiteElo "1854"]
[BlackElo "1954"]
[PlyCount "106"]
[EventDate "2007.04.01"]
[EventType "swiss"]
[EventRounds "7"]
[EventCountry "NOR"]
[SourceTitle "EXT 2008"]
[Source "ChessBase"]
[SourceDate "2007.11.25"]
[SourceVersion "1"]
[SourceVersionDate "2007.11.25"]
[SourceQuality "1"]

1. e4 e5 2. Nf3 Nf6 3. Nxe5 d6 4. Nf3 Nxe4 5. d4 d5 6. Bd3 Be7 7. 0-0 Nc6 8. c4 Nb4 9. Be2 Be6 10. Nc3 0-0 11. a3 Nxc3 12. bxc3 Nc6 13. cxd5 Bxd5 14. Bf4 Bf6 15. h3 Na5 16. Ne5 Bxe5 17. Bxe5 Qg5 18. Bf3 Bxf3 19. Qxf3 c6 20. Bf4 Qf5 21. Qg3 Rfe8 22. Rfe1 Nc4 23. Qg5 Qxg5 24. Bxg5 f6 25. Bf4 Rxe1+ 26. Rxe1 Kf7 27. Bc1 Re8 28. Rxe8 Kxe8 29. Kf1 Kd7 30. Ke2 Ke6 31. g4 Kd5 32. Kd3 b5 33. f3 g6 34. Kc2 Nd6 35. Kd3 Nf7 36. a4 Nd6 37. axb5 cxb5 38. h4 a5 39. Ba3 Nc4 40. Bc1 Nd6 41. Ba3 Nf7 42. Be7 f5 43. Bf8 fxg4 44. fxg4 h5 45. gxh5 gxh5 46. Be7 a4 47. Bf8 Nd8 48. Bb4 Ne6 49. Be7 Nf4+ 50. Kc2 Kc4 51. Ba3 Ng6 52. Bb4 Nxh4 53. Kd2 Nf3+ 0-1

[Event "NOR-ch qual-A"]
[Site "Oslo"]
[Date "2007.04.02"]
[Round "3"]
[White "Khachatorian, Yarazik"]
[Black "Stubberud, Ornulf A"]
[Result "0-1"]
[WhiteElo "1954"]
[BlackElo "2181"]
[PlyCount "88"]
[EventDate "2007.04.01"]
[EventType "swiss"]
[EventRounds "7"]
[EventCountry "NOR"]
[SourceTitle "EXT 2008"]
[Source "ChessBase"]
[SourceDate "2007.11.25"]
[SourceVersion "1"]
[SourceVersionDate "2007.11.25"]
[SourceQuality "1"]

1. e4 c5 2. Nf3 e6 3. d3 Nc6 4. g3 d6 5. Bg2 Nf6 6. c3 Be7 7. 0-0 0-0 8. Nbd2 Qc7 9. Re1 b6 10. Nf1 Bb7 11. a3 Rfe8 12. d4 cxd4 13. cxd4 Na5 14. e5 dxe5 15. dxe5 Rad8 16. Qa4 Nd7 17. Bf4 Bc6 18. Qc2 Qb7 19. N1d2 Rc8 20. Qd3 Red8 21. Qe3 Bd5 22. Rac1 b5 23. Bg5 Bxg5 24. Qxg5 Nc4 25. Nxc4 bxc4 26. Qf4 Nc5 27. Rxc4 Bxc4 28. Qxc4 Nd3 29. Qe4 Qxe4 30. Rxe4 Nxb2 31. Bf1 Rc3 32. Nd4 Rxa3 33. Nc6 Re8 34. Rd4 g6 35. Rd7 a5 36. Nd8 Rf8 37. Nc6 Ra1 38. Kg2 a4 39. Ra7 Rc1 40. Bb5 Rc5 41. Ne7+ Kg7 42. Bxa4 Nxa4 43. Rxa4 Re8 44. Ra7 Kf8 0-1

[Event "NOR-chT2"]
[Site "Oslo"]
[Date "2006.06.07"]
[Round "1"]
[White "Khachatorian, Yarazik"]
[Black "Aarland, Stein Arild"]
[Result "1/2-1/2"]
[WhiteElo "2053"]
[BlackElo "2272"]
[PlyCount "52"]
[EventDate "2006.06.07"]
[EventType "team-tourn"]
[EventRounds "5"]
[EventCountry "NOR"]
[SourceTitle "CBM 112 Extra"]
[Source "ChessBase"]
[SourceDate "2006.07.14"]
[SourceVersion "1"]
[SourceVersionDate "2006.07.14"]
[SourceQuality "1"]

1. e4 c6 2. d4 d5 3. Nd2 dxe4 4. Nxe4 Nd7 5. Bc4 e6 6. Bf4 Ngf6 7. Nxf6+ Nxf6 8. Nf3 Be7 9. Qe2 Nd5 10. Bd2 Qc7 11. Ne5 0-0 12. Bd3 c5 13. dxc5 Bxc5 14. 0-0-0 a5 15. Rhe1 b6 16. Kb1 Bb7 17. c4 Nb4 18. Bxb4 axb4 19. Bxh7+ Kxh7 20. Qh5+ Kg8 21. Rd7 Qc8 22. Rd3 Bxg2 23. Rg3 Qb7 24. Rxg7+ Kxg7 25. Qg5+ Kh7 26. Qh5+ Kg7 1/2-1/2

[Event "Dubai op 05th"]
[Site "Dubai"]
[Date "2003.04.29"]
[Round "9"]
[White "Khachatorian, Yarazik"]
[Black "Safarli, Eltaj"]
[Result "1/2-1/2"]
[WhiteElo "2028"]
[BlackElo "2201"]
[PlyCount "84"]
[EventDate "2003.04.20"]
[EventType "swiss"]
[EventRounds "9"]
[EventCountry "UAE"]
[SourceTitle "CBM 093 Extra"]
[Source "ChessBase"]
[SourceDate "2003.05.09"]
[SourceVersion "1"]
[SourceVersionDate "2003.05.09"]
[SourceQuality "1"]

1. e4 c5 2. Nf3 e6 3. d4 cxd4 4. Nxd4 Nf6 5. Nc3 d6 6. Bd3 Be7 7. Be3 a6 8. 0-0 0-0 9. f4 Qc7 10. Qf3 Nc6 11. Rae1 Nxd4 12. Bxd4 e5 13. Be3 exf4 14. Bxf4 Be6 15. Kh1 Nd7 16. Nd5 Bxd5 17. exd5 Bf6 18. Qe4 g6 19. Bh6 Nc5 20. Qf4 Bxb2 21. Bxf8 Rxf8 22. Qh4 Be5 23. Rf3 f5 24. Bc4 Qg7 25. Bd3 b5 26. a3 Rc8 27. Rfe3 Qf7 28. Be2 Qg7 29. c4 Ne4 30. Rxe4 fxe4 31. cxb5 axb5 32. Bxb5 Qa7 33. a4 e3 34. Qh3 Rc7 35. Rf1 Rf7 36. Qe6 Kg7 37. Rxf7+ Qxf7 38. Qxf7+ Kxf7 39. Kg1 Kf6 40. h3 Kf5 41. Bc4 Kf4 42. Kf1 Bd4 1/2-1/2

[Event "Dubai op 05th"]
[Site "Dubai"]
[Date "2003.04.23"]
[Round "3"]
[White "Kolyaie, Hasan"]
[Black "Khachatorian, Yarazik"]
[Result "1-0"]
[WhiteElo "2154"]
[BlackElo "2028"]
[PlyCount "39"]
[EventDate "2003.04.20"]
[EventType "swiss"]
[EventRounds "9"]
[EventCountry "UAE"]
[SourceTitle "CBM 093 Extra"]
[Source "ChessBase"]
[SourceDate "2003.05.09"]
[SourceVersion "1"]
[SourceVersionDate "2003.05.09"]
[SourceQuality "1"]

1. c4 Nf6 2. Nc3 g6 3. e4 d6 4. Be2 Bg7 5. h4 c5 6. h5 Nc6 7. h6 Bf8 8. d3 a6 9. Bg5 Qa5 10. Bd2 b5 11. Nxb5 Qb6 12. Nc3 Qxb2 13. Nf3 Bg4 14. Nd5 Nxd5 15. cxd5 Bxf3 16. dxc6 Bxe2 17. Kxe2 Qb5 18. c7 e6 19. Rb1 Qc6 20. Rb8+ 1-0

[Event "Internet Section 16-A"]
[Site "Dos Hermanas"]
[Date "2003.03.16"]
[Round "9"]
[White "Felgaer, Ruben Alejandro"]
[Black "Khachatorian, Yarazik"]
[Result "1-0"]
[WhiteElo "2552"]
[BlackElo "2028"]
[PlyCount "59"]
[EventDate "2003.03.16"]
[EventType "swiss (blitz)"]
[EventRounds "9"]
[EventCountry "ESP"]
[SourceTitle "EXT 2004"]
[Source "ChessBase"]
[SourceDate "2003.11.25"]
[SourceVersion "1"]
[SourceVersionDate "2003.11.25"]
[SourceQuality "1"]

1. e4 e5 2. Nf3 Nf6 3. Nxe5 d6 4. Nf3 Nxe4 5. d4 d5 6. Bd3 Be7 7. 0-0 Nc6 8. c4 Nb4 9. Be2 Be6 10. Nc3 0-0 11. a3 Nxc3 12. bxc3 Nc6 13. cxd5 Bxd5 14. Bf4 Na5 15. Nd2 Bg5 16. Bxg5 Qxg5 17. Nf3 Qg4 18. h3 Qe6 19. Re1 Qd6 20. a4 Rfe8 21. Qc2 Bc4 22. Ne5 Bxe2 23. Rxe2 f6 24. Nd3 Rxe2 25. Qxe2 Nc4 26. Nc5 Qd5 27. Nxb7 Kf7 28. Re1 Rb8 29. Nc5 Rb2 30. Qe8# 1-0

[Event "Internet Section 16-A"]
[Site "Dos Hermanas"]
[Date "2003.03.16"]
[Round "1"]
[White "Nogueiras Santiago, Jesus"]
[Black "Khachatorian, Yarazik"]
[Result "1-0"]
[WhiteElo "2528"]
[BlackElo "2028"]
[PlyCount "34"]
[EventDate "2003.03.16"]
[EventType "swiss (blitz)"]
[EventRounds "9"]
[EventCountry "ESP"]
[SourceTitle "EXT 2004"]
[Source "ChessBase"]
[SourceDate "2003.11.25"]
[SourceVersion "1"]
[SourceVersionDate "2003.11.25"]
[SourceQuality "1"]

1. Nf3 Nf6 2. c4 g6 3. d4 Bg7 4. Nc3 d6 5. g3 Nbd7 6. Bg2 c6 7. 0-0 0-0 8. Rb1 a5 9. e4 e5 10. h3 Ne8 11. dxe5 dxe5 12. b3 f5 13. Ba3 Rf7 14. h4 h6 15. h5 g5 16. exf5 Rxf5 17. Bh3 Ndf6 1-0

[Event "Internet Section 14-B"]
[Site "Dos Hermanas"]
[Date "2003.03.14"]
[Round "4"]
[White "Needleman, Alejandro"]
[Black "Khachatorian, Yarazik"]
[Result "1-0"]
[WhiteElo "2419"]
[BlackElo "2028"]
[PlyCount "53"]
[EventDate "2003.03.14"]
[EventType "swiss (blitz)"]
[EventRounds "9"]
[EventCountry "ESP"]
[SourceTitle "EXT 2004"]
[Source "ChessBase"]
[SourceDate "2003.11.25"]
[SourceVersion "1"]
[SourceVersionDate "2003.11.25"]
[SourceQuality "1"]

1. e4 e5 2. Nf3 Nf6 3. Nxe5 d6 4. Nf3 Nxe4 5. d3 Nf6 6. d4 Be7 7. Bd3 Nc6 8. 0-0 Bg4 9. c3 Qd7 10. Bg5 0-0-0 11. Nbd2 h6 12. Bxf6 gxf6 13. Qa4 Rdg8 14. d5 Bxf3 15. Nxf3 Qh3 16. g3 Nb8 17. Rfe1 Bd8 18. Nd4 Rg5 19. Nb5 Na6 20. Nxa7+ Kb8 21. Bxa6 bxa6 22. Qxa6 c5 23. Nc6+ Kc7 24. Qa7+ Kc8 25. Qb8+ Kd7 26. Qb7+ Bc7 27. Re7# 1-0